| 000 | 01184nam a22002777a 4500 | ||
|---|---|---|---|
| 999 |
_c22604 _d22604 |
||
| 003 | AR-CdUCM | ||
| 008 | 190409b ||||| |||| 00| 0 spa d | ||
| 020 | _a9786124645532 | ||
| 040 |
_aMUNICIPALIDAD PROVINCIAL DEL CUSCO _cBIBLIOTECA MUNICIPAL DEL CUSCO |
||
| 082 |
_a305.42/G38 _bG38 |
||
| 100 |
_aGhassemi, Behrooz _932058 |
||
| 245 |
_aLa lucha anti-patriarcal & anti-machista continúa = The anti-patriarchal anti-macho struggle continues / _ctextos y fotos, Behrooz Ghassemi |
||
| 260 |
_aLima : _bProducciones Illari, _c2020. |
||
| 300 |
_a440 páginas. : _b il. (algunas col.) ; _c23x25 cm. |
||
| 500 | _a"Ni una menos = Not one less"--Cubierta. Texto con encuadernación inversa. | ||
| 500 | _aCon la palabra en la mano : compilatorio de mujeres anarquistas feministas / [edición, Mary Espinoza Villagomez]. 1a ed. Lima : [s.n.], 2017. 34 p. Título de la cubierta. | ||
| 650 |
_aFeminismo _94003 |
||
| 650 |
_aMujeres campesinas _948623 |
||
| 650 |
_aPatriarcado _917104 |
||
| 650 |
_aMachismo _911197 |
||
| 650 |
_aFeminismo _94003 |
||
| 650 |
_aAnarquismo _923756 |
||
| 700 |
_aEspinoza Villagómez, Mary _eeditor _948624 |
||
| 942 |
_2ddc _cLIBROS |
||
| 945 | _arac | ||